Kizo - Posejdon - Statystyki

Ogólne statystyki
  • Ten quiz został rozwiązany 18 razy
  • Średni wynik to 12 z 21
Statystyki odpowiedzi
Numer Tytuł Gość % Poprawnych
17 (Deluxe) Fitness Trill Pem
88%
11 Driftem Young Igi
82%
21 Lucky Punch Wac Toja
82%
8 (Deluxe) Gra o tron Żabson
76%
1 Posejdon
76%
9 Futro Kabe
65%
15 PS Tymek
65%
2 Tsunami Szpaku
65%
16 Art
59%
5 (Deluxe) Ghetto Trap Jaill
53%
12 Perskie dywany Kaz Bałagane
53%
4 Pogoda dla bogaczy
53%
18 Wembley Sapi Tha King & Olszakumpel
53%
6 Espresso
47%
10 (Deluxe) Jedna na milion
47%
20 Skandal Chivas
47%
7 Złote plany
47%
14 Rób co musisz Major SPZ
35%
3 Światła na nas
35%
19 (Deluxe) Testosport Aero & Joda
35%
13 (Deluxe) Fvck Enemies
24%
Nie znaleziono quizów pasujących do podanych kryteriów
Rozkład punktacji
Procent ludzi z każdym wynikiem
Percentyl według liczby udzielonych odpowiedzi
Twoja historia wyników
Nie rozwiązałeś tego quizu